000 00288 a2200085 4500
020 _a9783038602972
100 _aGéraldine Borio
245 _aLooking for the Voids: Learning from Asia’s Liminal Urban Spaces as a Foundation to Expand an Architectural Practice
260 _b Park Books
_c2024
999 _c13429
_d13429